In search of safety: police transformation and public responses in South Africa (Record no. 47928)

000 -LEADER
fixed length control field 00438pab a2200169 454500
008 - FIXED-LENGTH DATA ELEMENTS--GENERAL INFORMATION
fixed length control field 180718b2001 xxu||||| |||| 00| 0 eng d
100 ## - MAIN ENTRY--PERSONAL NAME
Personal name Gastrow, Peter
245 ## - TITLE STATEMENT
Title In search of safety: police transformation and public responses in South Africa
260 ## - PUBLICATION, DISTRIBUTION, ETC.
Date of publication, distribution, etc. 2001
300 ## - PHYSICAL DESCRIPTION
Extent p.259-75
362 ## - DATES OF PUBLICATION AND/OR SEQUENTIAL DESIGNATION
Dates of publication and/or sequential designation Winter
650 ## - SUBJECT ADDED ENTRY--TOPICAL TERM
Topical term or geographic name entry element Police - South Africa
650 ## - SUBJECT ADDED ENTRY--TOPICAL TERM
Topical term or geographic name entry element Police
700 ## - ADDED ENTRY--PERSONAL NAME
Personal name Shaw, Mark
773 ## - HOST ITEM ENTRY
Main entry heading Daedalus
909 ## -
-- 47928
Holdings
Withdrawn status Lost status Damaged status Not for loan Permanent Location Current Location Date acquired Serial Enumeration / chronology Barcode Date last seen Price effective from Koha item type
        Indian Institute of Public Administration Indian Institute of Public Administration 2018-07-19 Volume no: 130, Issue no: 1 AR48356 2018-07-19 2018-07-19 Articles

Powered by Koha